Logo BPK

Biblioteka

Politechniki Koszalińskiej

Pochodzenie rodziny, własności prywatnej i państwa : (Rekord nr 10333)

Szczegóły MARC
000 -ETYKIETA REKORDU
podpole kontrolne o stałej długości 00405nam a2200145 i 4500
001 - NUMER KONTROLNY REKORDU
pole kontrolne bg
040 ## - ŹRÓDŁO KATALOGOWANIA
Instytucja, która utworzyła rekord BPK
041 ## - KOD JĘZYKA
Kod języka tekstu pol
080 ## - UNIWERSALNA KLASYFIKACJA DZIESIĘTNA - UKD
UKD 141.82
008 - POLE O STAŁEJ DŁUGOŚCI - DANE KONTROLNE
podpole kontrolne o stałej długości s pl f |000 0 pol
100 1# - NAZWA OSOBOWA
Nazwa osobowa ENGELS, Fryderyk
245 #0 - TYTUŁ/ODPOWIEDZIALNOŚĆ
Tytuł Pochodzenie rodziny, własności prywatnej i państwa :
Ciąg dalszy tytułu w związku z badaniami Lewisa H. Morgana /
Pozostałe elementy strefy tytułu i oznaczenia odpowiedzialności Fryderyk Engels.
260 ## - STREFA ADRESU WYDAWNICZEGO
Miejsce wydania Warszawa,
Data publikacji, dystrybucji/powstania dokumentu 1969.
856 ## - LOKALIZACJA I DOSTĘP DO ELEKTRONICZNYCH DOKUMENTÓW ZDALNYCH
Link (URL) http://koha.tu.koszalin.pl/cgi-bin/koha/opac-detail.pl?biblionumber=10333
Tekst linku Katalog online BPK
942 ## - DODATKOWE ELEMENTY (KOHA)
Typ dokumentu Książka
Egzemplarze
Wycofany Status egzemplarza Uszkodzony Dostępność Lokalizacja stała Lokalizacja bieżąca Miejsce przechowywania Sygnatura Kod kreskowy Typ dokumentu
      Dostępny Biblioteka Politechniki Koszalińskiej Biblioteka Politechniki Koszalińskiej Wypożyczalnia BG P 488/1 01806304 Książka
© 2023 Biblioteka Politechniki Koszalińskiej :: KOHA